书目信息 |
| 书名: | Threshold of Spring | |
| 作者: | by Rou Shi | |
| 分册号: | ||
| 分册名: | 出版地: | Beijing : |
|
| 出版社: | Foreign Languages Pr | |
| 出版时间: | 1980. | |
| 页数: | 171 p. | |
| 开本: | ||
| 丛书名: | ||
| 中图分类号: | ||
| 科图分类号: | ||
| 其他分类号: | H319.4 | |
| 主题词: | ||
| 电子资源: | ||
| 000 | 01131nam 2200313 a 4500 | |
| 001 | E0759975015 | |
| 005 | 20070210164909.23 | |
| 008 | eng | |
| 008 | uu | |
| 040 | @aNLC | |
| 041 | 1 | @aeng @hchi |
| 043 | @aa-cc--- | |
| 049 | @aN5LA | |
| 090 | @a2C/I246.5/RS///////////361185-87/ 3cop./940734-36/ cop.4-6 | |
| 090 | @aH319.4 | |
| 096 | @aI246.5 @v2 | |
| 099 | @dH319.4@ex233 | |
| 100 | 0 | @aRoushi, @d1901-1931. |
| 240 | 10 | @aEr yue. @lEnglish |
| 242 | 10 | @a二月(英语版) / @c柔石 著 @ychi |
| 245 | 10 | @aThreshold of Spring / @cby Rou Shi |
| 260 | @aBeijing :@bForeign Languages Pr.,@c1980. | |
| 300 | @a171 p. | |
| 500 | @aShort stories. | |
| 500 | @aTranslation of: Erh yüeh. | |
| 505 | 0 | @aThreshold of spring -- A hired wife -- Destruction. |
| 600 | 00 | @aRoushi, @d1901-1931 @xTranslations into English. @b00 @c20020930 @lNLC09 @h2246 @lNLC09 @h2302 @lNLC09 @h1853 @b40 @c20030329 @lNLC09 @h2010 @b40 @c20030601 @lNLC09 @h1018 @b01 @c20031206 @lNLC09 @h1111 @b01 @c20031206 @lNLC09 @h1111 |
| 650 | 0 | @aChinese literature @vTranslations into English. |
| 852 | 9 | @bWWJC @cJ08S @k2C @hI246.5 @iRS |
| Threshold of Spring / / by Rou Shi.-Beijing : : Foreign Languages Pr., , 1980. |
| 171 p. |
| Short stories.-Translation of: Erh yüeh.-Threshold of spring -- A hired wife -- Destruction. |
| ISBN |
| ● |
| 相关链接 |
|
|
|
|
正题名:Threshold of Spring
索取号:H319.4/x233
 
预约/预借
| 序号 | 登录号 | 条形码 | 馆藏地/架位号 | 状态 | 备注 |
| 1 | 46466 | 001432015 | 第四借阅区/ [索取号:H319.4/x233] | 在馆 | |
| 2 | 46467 | 001432042 | 第四借阅区/ [索取号:H319.4/x233] | 在馆 | |
| 3 | 46468 | 001432079 | 第四借阅区/ [索取号:H319.4/x233] | 在馆 | |
| 4 | 46469 | 001432088 | 第四借阅区/ [索取号:H319.4/x233] | 在馆 | |
| 5 | 46470 | 001432024 | 第四借阅区/ [索取号:H319.4/x233] | 在馆 | |
| 6 | 46471 | 001432060 | 第四借阅区/ [索取号:H319.4/x233] | 在馆 | |
| 7 | 46472 | 001432104 | 第四借阅区/ [索取号:H319.4/x233] | 在馆 | |
| 8 | 46473 | 001432051 | 第四借阅区/ [索取号:H319.4/x233] | 在馆 | |
| 9 | 46474 | 001432113 | 第四借阅区/ [索取号:H319.4/x233] | 在馆 | |
| 10 | 46475 | 001432033 | 第四借阅区/ [索取号:H319.4/x233] | 在馆 |